000 nam a22 7a 4500
999 _c55821
_d55821
003 OSt
005 20221008132153.0
008 221008b xxu||||| |||| 00| 0 eng d
040 _cIIMT UNIVERSITY MEERUT
100 _aCOREY,GERALD
245 _aTHEORY &PRACTICE OF COUNSELING AND PSYCHO THERAPY
260 _aDELHI
_bCENGAGE
_c2017
300 _a490
942 _2ddc
_c01